Game of Thrones - Top 50 most famous Characters - Statistics

General Stats
  • This quiz has been taken 1,659 times
  • The average score is 40 of 50
Answer Stats
Hint Answer % Correct
01. Bastard of Winterfell Jon Snow
100%
04. Dwarf Tyrion Lannister
95%
02. Mother of the Dragons Daenerys Targaryen
94%
08. Has visions after being crippled Bran Stark
93%
07, Most evil woman in Westeros Cersei Lannister
93%
09. Evil teenager king Joffrey Baratheon
93%
10. Beheaded in Season 1 Ned Stark
93%
05. King in the North Robb Stark
91%
16. Littlefinger Petyr Baelish
90%
12. Kingslayer Jaime Lannister
89%
14. Shot while on the toilet Tywin Lannister
89%
23. Female Knight Brienne of Tarth
88%
15. Mother to five Starks Catelyn Stark
88%
39. Was a great Khal Khal Drogo
88%
22. The Hound Sandor Clegane
88%
19. Master of Spying Lord Varys
87%
21. His d**k was cut off Theon Greyjoy
87%
28. The Mountain Gregor Clegane
86%
17. Advisor of Daenerys in exile Jorah Mormont
86%
24. 3rd Baratheon brother Renly Baratheon
86%
41. Fat friend of Jon Samwell Tarly
86%
06. The Little Stark Bird Sansa Stark
86%
35. Youngest of the Stark children Rickon Stark
84%
26. Youngest Lannisterchild Tommen Baratheon
84%
37. Lover of Jon Snow Ygritte
84%
18. Married to 3 different kings Margaery Tyrell
83%
20. The Woman in Red Melisandre
83%
29. His face got squashed by ^ Oberyn Martell
82%
25. Imprisoned for being gay Loras Tyrell
81%
27. Granny Tyrell Olenna Tyrell
80%
30. Former sidekick of Tyrion Bronn
79%
49. Only says one word ..... Hodor
79%
13. Victor of his namesake's rebellion Robert Baratheon
79%
11. Held Dragonstone Stannis Baratheon
79%
03. Valar Morgulis Arya Stark
78%
45. Commander of the Unsullied Grey Worm
78%
43. Her son Robin is Lord of the Eyrie Lysa Arryn
78%
31. Was sent to Dorne Myrcella Baratheon
78%
44. Man behind the Red Wedding Walder Frey
77%
32. The Onion Knight Davos Seaworth
76%
36. Sadistic and brutal Ramsay Bolton
76%
46. Servent of Daenerys Missandei
69%
34. Former heir of the Iron Islands Yara Greyjoy
67%
42. Lord of the Riverlands Edmure Tully
60%
38. Commmander of the Second Sons Daario Naharis
56%
50. Beyond the Wall with Bran Meera Reed
55%
33. Took control over Dorne Ellaria Sand
51%
48. Former Maester, New hand Qyburn
51%
47. Faith of the seven High Sparrow
49%
40. New leader of the free people Tormund Giantsbane
49%
No matching quizzes found
Score Distribution
Percent of People with Each Score
Percentile by Number Answered
Your Score History
You have not taken this quiz